000 00413nam a2200157Ia 4500
008 180424s9999 xx 000 0 und d
040 _aPK-NaQUE
100 _a09ME40
100 _aAnees Abbas Larik
245 0 _aCombustion Characteristics of Lakhra Coal Using CWS Techniques
260 _aNawabshah
260 _bQUEST
260 _c2009
300 _a69
700 _aDepartment of Mechanical Engineering
999 _c58547
_d58544